[Event "Lippe Cup-B 08th"]
[Site "Lieme"]
[Date "2011.10.28"]
[Round "1"]
[White "Masalsky, Boris"]
[Black "Neumann, Marius"]
[Result "0-1"]
[WhiteElo "1442"]
[BlackElo "1610"]
[PlyCount "66"]
[EventDate "2011.10.28"]
[EventType "swiss"]
[EventRounds "5"]
[EventCountry "GER"]
[SourceTitle "EXT 2012"]
[Source "ChessBase"]
[SourceDate "2011.11.24"]
[SourceVersion "1"]
[SourceVersionDate "2011.11.24"]
[SourceQuality "1"]

1. e4 e6 2. d4 d5 3. Nc3 Bb4 4. exd5 exd5 5. Nf3 Nf6 6. Bg5 0-0 7. Be2 Bf5 8. 0-0 c6 9. a3 Be7 10. Ne5 Nbd7 11. Nxd7 Qxd7 12. Re1 Rae8 13. Bd3 Bd8 14. Qd2 Ne4 15. Nxe4 dxe4 16. Bc4 Bxg5 17. Qxg5 Qxd4 18. Qxf5 Qxc4 19. Qd7 Qxc2 20. Qxb7 Rb8 21. Qxa7 Rxb2 22. Qd4 c5 23. Qxe4 Qxf2+ 24. Kh1 c4 25. Rac1 Qc5 26. Rxc4 Qxa3 27. Ra4 Qd6 28. Rd4 Qe6 29. Qh4 Re8 30. Rde4 Qxe4 31. Rxe4 Rb1+ 32. Re1 Rbxe1+ 33. Qxe1 Rxe1# 0-1

[Event "Lippe Cup-B 07th"]
[Site "Lieme"]
[Date "2010.10.17"]
[Round "4"]
[White "Theurich, Joel"]
[Black "Neumann, Marius"]
[Result "1/2-1/2"]
[WhiteElo "1408"]
[BlackElo "1611"]
[PlyCount "46"]
[EventDate "2010.10.15"]
[EventType "swiss"]
[EventRounds "5"]
[EventCountry "GER"]
[SourceTitle "EXT 2012"]
[Source "ChessBase"]
[SourceDate "2011.11.24"]
[SourceVersion "1"]
[SourceVersionDate "2011.11.24"]
[SourceQuality "1"]

1. e4 e6 2. d4 d5 3. exd5 exd5 4. c3 c6 5. Nf3 Bg4 6. h3 Bh5 7. Be2 Nf6 8. Bg5 Bd6 9. Ne5 Bxe2 10. Qxe2 0-0 11. 0-0 Re8 12. f4 Nbd7 13. Qc2 Qb6 14. Nd2 Bxe5 15. fxe5 Rxe5 16. Bxf6 Nxf6 17. Rae1 Rxe1 18. Rxe1 Re8 19. Rxe8+ Nxe8 20. Nb3 Nd6 21. Qe2 Ne4 22. Qg4 Qc7 23. a3 g6 1/2-1/2

[Event "Lippe Cup 06th"]
[Site "Lieme"]
[Date "2009.10.18"]
[Round "4"]
[White "Fieberg, Samuel"]
[Black "Neumann, Marius"]
[Result "0-1"]
[WhiteElo "1404"]
[BlackElo "1211"]
[PlyCount "50"]
[EventDate "2009.10.16"]
[EventType "swiss"]
[EventRounds "5"]
[EventCountry "GER"]
[SourceTitle "EXT 2012"]
[Source "ChessBase"]
[SourceDate "2011.11.24"]
[SourceVersion "1"]
[SourceVersionDate "2011.11.24"]
[SourceQuality "1"]

1. e4 e6 2. d4 d5 3. exd5 exd5 4. Nf3 Bd6 5. Bd3 Nf6 6. 0-0 0-0 7. Bg5 Bg4 8. h3 Bh5 9. Nc3 c6 10. Ne5 Bxd1 11. Raxd1 h6 12. Bh4 Be7 13. f4 Nbd7 14. g4 Nxe5 15. dxe5 Ne4 16. Bxe7 Qxe7 17. Bxe4 dxe4 18. Nxe4 Rad8 19. Rde1 Qb4 20. g5 hxg5 21. Nxg5 Rd2 22. f5 Qh4 23. Ne4 Rd4 24. Nf2 Qg3+ 25. Kh1 Rd2 0-1

[Event "Lippe Cup 06th"]
[Site "Lieme"]
[Date "2009.10.17"]
[Round "3"]
[White "Neumann, Marius"]
[Black "Dalbkermeier, Moritz"]
[Result "1-0"]
[WhiteElo "1211"]
[BlackElo "781"]
[PlyCount "57"]
[EventDate "2009.10.16"]
[EventType "swiss"]
[EventRounds "5"]
[EventCountry "GER"]
[SourceTitle "EXT 2012"]
[Source "ChessBase"]
[SourceDate "2011.11.24"]
[SourceVersion "1"]
[SourceVersionDate "2011.11.24"]
[SourceQuality "1"]

1. Nf3 Nc6 2. g3 e5 3. d3 Nf6 4. Bg2 d6 5. 0-0 d5 6. Nbd2 Bb4 7. c3 Bd6 8. e4 d4 9. cxd4 exd4 10. Re1 0-0 11. e5 Be7 12. exf6 Bxf6 13. Ne4 Be7 14. Bf4 Bg4 15. h3 Bh5 16. a3 a5 17. Qb3 Bg6 18. Qxb7 Ra7 19. Qxc6 Bf5 20. Qc4 Bf6 21. Nxf6+ Qxf6 22. Qxd4 Qc6 23. Qxa7 Ra8 24. Qxc7 Qb5 25. Ng5 h6 26. Qxf7+ Kh8 27. Bxa8 hxg5 28. Re8+ Kh7 29. Qh5# 1-0

[Event "Lippe Cup 05th"]
[Site "Lieme"]
[Date "2008.09.27"]
[Round "3"]
[White "Neumann, Marius"]
[Black "Altenbernd, Jannis Domenik"]
[Result "1/2-1/2"]
[WhiteElo "1473"]
[BlackElo "1634"]
[PlyCount "54"]
[EventDate "2008.09.26"]
[EventType "swiss"]
[EventRounds "5"]
[EventCountry "GER"]
[SourceTitle "EXT 2012"]
[Source "ChessBase"]
[SourceDate "2011.11.24"]
[SourceVersion "1"]
[SourceVersionDate "2011.11.24"]
[SourceQuality "1"]

1. Nf3 Nf6 2. g3 g6 3. Bg2 Bg7 4. 0-0 0-0 5. d3 d5 6. Nbd2 c6 7. Re1 Nbd7 8. c4 e5 9. e4 dxe4 10. dxe4 Qc7 11. b3 Nc5 12. Qc2 Rd8 13. Rd1 Bg4 14. Bb2 Nfd7 15. h3 Bxf3 16. Nxf3 Ne6 17. Rd2 c5 18. Rad1 Nd4 19. Qb1 Nf8 20. Nh2 Nfe6 21. Nf1 Ng5 22. Kh1 Qc8 23. h4 Nge6 24. Ne3 Nc7 25. Nd5 Qd7 26. Kh2 Qd6 27. Rd3 Nce6 1/2-1/2